Negotiating marriage, family and work : experiences of middle class Egyptian women

Guardat en:
Dades bibliogràfiques
Autor principal: ROGUE, Dahila Tawhid
Format: Llibre
Idioma:anglès
Publicat: London 2020
Etiquetes: Afegir etiqueta
Sense etiquetes, Sigues el primer a etiquetar aquest registre!

MARC

LEADER 00000nam a22000007a 4500
008 240118b |||||||| |||| 00| 0 eng d
020 |a 9781138740778 
100 |a ROGUE, Dahila Tawhid 
245 |a Negotiating marriage, family and work   |b : experiences of middle class Egyptian women  |c  / Dahlia Tawhid Roque.  |e Routledge research in gender and society  |g xiii,189p 
260 |b London  |c 2020  |h Routledge  |i 701771  |i 701772  |l HQ1793.R63  |m Middle class women--Egypt--Social conditions.  |m Sex role--Egypt.  |m Women--Employment--Egypt.  |m  Married women--Egypt.   |m Work and family--Egypt. 
500 |a it includes index 
942 |a lcc  |c BK  |e Johnson  |f 18/01/24 
952 |0 0  |1 0  |2 lcc  |4 0  |6 HQ1793 R63  |7 0  |9 4799  |a SSL  |b HOL  |c GJ  |d 2024-01-18  |l 0  |o HQ1793.R63  |p 2024-0052  |r 2024-01-18 00:00:00  |t 701771  |w 2024-01-18  |y BK 
952 |0 0  |1 0  |2 lcc  |4 0  |6 HQ1793 R63  |7 0  |9 4800  |a HOL  |b HOL  |c GJ  |d 2024-01-18  |l 0  |o HQ1793.R63  |p 2024-0053  |r 2024-01-18 00:00:00  |t 701772  |w 2024-01-18  |y BK 
999 |c 2399  |d 2399